| 000 | 00621nam a22002057a 4500 | ||
|---|---|---|---|
| 005 | 20251108175204.0 | ||
| 008 | 250721s2014 xx 000 0 ara d | ||
| 082 | 1 | 4 | _a218.621/عثم |
| 100 | 1 | _aعثمان، رقية فيصل | |
| 245 | 1 | 0 | _aدور الإشاعة و الغزو الثقافي في استهداف الإسلام / |
| 264 | 1 |
_aعمان : _bالمؤلف، _c2014. |
|
| 300 | _a226 ص. | ||
| 650 | 1 | 7 | _aالغزو الفكري |
| 650 | 1 | 7 | _aالوعظ و الإرشاد |
| 650 | 1 | 7 | _aالتاريخ |
| 650 | 1 | 7 | _aالإسلام |
| 653 | _aالإشاعة | ||
| 942 |
_2ddc _cBK |
||
| 999 |
_c128239 _d128239 |
||